Estudio de Opinión Pública Unimer RI - La Nación Marzo del 2002: efectuada entre el 2 y el 9 de marzo /

Đã lưu trong:
Chi tiết về thư mục
Tác giả chính: Paniagua Vargas, Carlos G.
Tác giả của công ty: Unimer Research International
Tác giả khác: García S, Cathalina
Định dạng: Texto
Được phát hành: San José: Unimer
Các nhãn: Thêm thẻ
Không có thẻ, Là người đầu tiên thẻ bản ghi này!

MARC

LEADER 00000 a a2200000 04500
001 27590
003
040
090 |a 185805  |b ENCUESTAS  
100 |a Paniagua Vargas, Carlos G.  
110 |a Unimer Research International  
245 |a Estudio de Opinión Pública Unimer RI - La Nación Marzo del 2002: efectuada entre el 2 y el 9 de marzo /  |c Carlos G. Paniagua Vargas  
260 |a San José:   |b Unimer  
300 |a 44 p. y s.p; 2 vol   |b **no definido**   |b fonodiscos  
700 |a García S, Cathalina  
999 |c 5743  |d 5743